Art of the Houma foundry / (Record no. 26390)

000 -LEADER
fixed length control field 01488cam a2200349 a 4500
001 - CONTROL NUMBER
control field 2104878
003 - CONTROL NUMBER IDENTIFIER
control field OSt
005 - DATE AND TIME OF LATEST TRANSACTION
control field 20170204102229.0
008 - FIXED-LENGTH DATA ELEMENTS--GENERAL INFORMATION
fixed length control field 960104s1996 njuab 000 0 eng
010 ## - LIBRARY OF CONGRESS CONTROL NUMBER
LC control number 96004359
020 ## - INTERNATIONAL STANDARD BOOK NUMBER
International Standard Book Number 0691011370 (alk. paper)
040 ## - CATALOGING SOURCE
Original cataloging agency DLC
Transcribing agency DLC
Modifying agency DLC
041 0# - LANGUAGE CODE
Language code of text/sound track or separate title engchi
043 ## - GEOGRAPHIC AREA CODE
Geographic area code a-cc---
050 00 - LIBRARY OF CONGRESS CALL NUMBER
Classification number NK7983.A3H683 1996
082 00 - DEWEY DECIMAL CLASSIFICATION NUMBER
Classification number 739.5/12/0931
Edition number 20
245 00 - TITLE STATEMENT
Title Art of the Houma foundry /
Statement of responsibility, etc. Institute of Archaeology of Shanxi Province = [Houma tao fan yi shu / Shanxi sheng kao gu yan jiu suo].
246 31 - VARYING FORM OF TITLE
Title proper/short title Houma tao fan yi shu
260 ## - PUBLICATION, DISTRIBUTION, ETC. (IMPRINT)
Place of publication, distribution, etc. Princeton, N.J. :
Name of publisher, distributor, etc. Princeton University Press,
Date of publication, distribution, etc. 1996.
300 ## - PHYSICAL DESCRIPTION
Extent viii, 523 p. :
Other physical details chiefly ill., maps ;
Dimensions 32 cm.
500 ## - GENERAL NOTE
General note Parallel title in Chinese characters.
546 ## - LANGUAGE NOTE
Language note In English and Chinese.
650 #0 - SUBJECT ADDED ENTRY--TOPICAL TERM
Topical term or geographic name as entry element Bronzes, Chinese
Chronological subdivision To 221 B.C.
General subdivision Themes, motives.
650 #0 - SUBJECT ADDED ENTRY--TOPICAL TERM
Topical term or geographic name as entry element Bronzes, Chinese
Geographic subdivision China
-- Houma Shi.
710 2# - ADDED ENTRY--CORPORATE NAME
Corporate name or jurisdiction name as entry element Shanxi Sheng kao gu yan jiu suo (Taiyuan, Shanxi Sheng, China)
856 42 - ELECTRONIC LOCATION AND ACCESS
Materials specified Publisher description
Uniform Resource Identifier <a href="http://www.loc.gov/catdir/description/prin021/96004359.html">http://www.loc.gov/catdir/description/prin021/96004359.html</a>
906 ## - LOCAL DATA ELEMENT F, LDF (RLIN)
a 7
b cbc
c orignew
d 1
e ocip
f 19
g y-gencatlg
942 ## - ADDED ENTRY ELEMENTS (KOHA)
Source of classification or shelving scheme
Koha item type Hard Covered Materials
Classification part NK7983.A3H683 1996
Call number prefix 33955
987 ## - LOCAL ROMANIZATION/CONVERSION HISTORY (OCLC)
Romanization/conversion identifier PINYIN
Agency that converted, created or reviewed DLC
Date of conversion or review 20020314
Status code c
Holdings
Withdrawn status Lost status Source of classification or shelving scheme Damaged status Not for loan Home library Current library Shelving location Date acquired Source of acquisition Total Checkouts Full call number Barcode Date last seen Price effective from Koha item type
          MACHAKOS UNIVERSITY LIBRARY MACHAKOS UNIVERSITY LIBRARY Technical section 04/02/2017 Donation (B.F.A)   NK7983.A3H683 1996 33955 31/05/2018 04/02/2017 Hard Covered Materials
© Machakos University Library, Along The Highway, Machakos Wote Rd, Machakos, Kenya P.O. Box 136 - 90100 Machakos - Kenya

Tel: ( +254 ) 723 805829 OR Fax : 044-20353 OR Email: library@mksu.ac.ke